Harry Potter Character by Actor Picture - Statistics

General Stats
  • This quiz has been taken 321 times
  • The average score is 11 of 16
Answer Stats
Picture Answer % Correct
Harry Potter
100%
Hermione Granger
91%
Ginny Weasley
88%
Ron Weasley
87%
Rubeus Hagrid
84%
Draco Malfoy
83%
Cedric Diggory
79%
Bellatrix Lestrange
77%
Luna Lovegood
76%
Petunia Dursley
66%
Parvati Patil
64%
Dudley Dursley
60%
Sirius Black
60%
Cho Chang
59%
Sybill Trelawney
31%
Moaning Myrtle
29%
No matching quizzes found
Score Distribution
Percent of People with Each Score
Percentile by Number Answered
Your Score History
You have not taken this quiz